Concrete and concreting, (Record no. 546958)

000 -LEADER
fixed length control field 00684cam a2200193 4500
082 00 - DEWEY DECIMAL CLASSIFICATION NUMBER
Classification number 624.1834
Author Mark TRE
-- L-19, P-40
100 1# - MAIN ENTRY--PERSONAL NAME
Personal name Tretʹi︠a︡kov, Anatoliĭ Konstantinovich.
9 (RLIN) 25657
245 10 - TITLE STATEMENT
Title Concrete and concreting,
Statement of responsibility, etc. by A. Tretyakov. Translated from the Russian by G. Gibson.
260 ## - PUBLICATION, DISTRIBUTION, ETC.
Place of publication, distribution, etc. Moscow,
Name of publisher, distributor, etc. MIR Publishers,
Date of publication, distribution, etc. 1968.
300 ## - PHYSICAL DESCRIPTION
Extent 312 p. with illus.
Dimensions 20 cm.
500 ## - GENERAL NOTE
General note Translation of Betonnye raboty.
526 ## - STUDY PROGRAM INFORMATION NOTE
Program name 0
Interest level 0
Reading level 0
Title point value 624_183400000000000_TRE
526 ## - STUDY PROGRAM INFORMATION NOTE
Program name 0
Interest level 0
Reading level 0
Title point value 624_183400000000000_TRE
526 ## - STUDY PROGRAM INFORMATION NOTE
Program name 0
Interest level 0
Reading level 0
Title point value 624_183400000000000_TRE
650 #0 - SUBJECT ADDED ENTRY--TOPICAL TERM
Topical term or geographic name entry element Concrete construction.
650 #0 - SUBJECT ADDED ENTRY--TOPICAL TERM
Topical term or geographic name entry element MCE
9 (RLIN) 379
650 #0 - SUBJECT ADDED ENTRY--TOPICAL TERM
Topical term or geographic name entry element Precast concrete.
9 (RLIN) 25659
942 ## - ADDED ENTRY ELEMENTS (KOHA)
Source of classification or shelving scheme
Koha item type Book
Holdings
Withdrawn status Lost status Source of classification or shelving scheme Damaged status Not for loan Permanent Location Current Location Date acquired Total Checkouts Full call number Barcode Date last seen Price effective from Koha item type
          Military College of Engineering (MCE) Military College of Engineering (MCE) 06/25/2014   624.1834 TRE MCE-3230 06/25/2014 03/14/2021 Book
          Military College of Engineering (MCE) Military College of Engineering (MCE) 06/25/2014   624.1834 TRE MCE-3621 06/25/2014 03/14/2021 Book
          Military College of Engineering (MCE) Military College of Engineering (MCE) 06/25/2014   624.1834 TRE MCE-3042 06/25/2014 03/14/2021 Book
© 2023 Central Library, National University of Sciences and Technology. All Rights Reserved.